Maneras de comprender: sociedad global y sociedad red /
Furkejuvvon:
| Váldodahkki: | |
|---|---|
| Materiálatiipa: | Texto |
| Fáttát: | |
| Fáddágilkorat: |
Lasit fáddágilkoriid
Eai fáddágilkorat, Lasit vuosttaš fáddágilkora!
|
MARC
| LEADER | 00000 a a2200000 04500 | ||
|---|---|---|---|
| 001 | 18543 | ||
| 003 | |||
| 040 | |||
| 100 | |a Morales, Gerardo | ||
| 245 | |a Maneras de comprender: |b sociedad global y sociedad red / |c Gerardo Morales | ||
| 650 | |a CIENCIAS SOCIALES | ||
| 650 | |a TEORIA SOCIAL | ||
| 650 | |a GLOBALIZACION | ||
| 650 | |a SOCIEDAD DE LA INFORMACION | ||
| 650 | |a SOCIEDAD POSTINDUSTRIAL | ||
| 773 | |g número 33; páginas 51-65 | ||
| 999 | |c 22189 |d 22189 | ||
